Click Provinces of China On A Map - Statistics

General Stats
  • This quiz has been taken 96 times
  • The average score is 22 of 32
Answers on the Map
Answers color-coded by a green-red scale on the quiz's map according to % correct below.
 
Answer Stats
Answer % Correct
Inner Mongolia
90%
Tibet
90%
Beijing
87%
Hong Kong /
Macau
85%
Hainan
83%
Shanghai
83%
Xinjiang Uyghur
83%
Guangdong
79%
Heilongjiang
73%
Shaanxi
73%
Sichuan
71%
Tianjin
71%
Shandong
67%
Shanxi
67%
Yunnan
67%
Gansu
65%
Jilin
65%
Ningxia
65%
Qinghai
63%
Chongqing
62%
Fujian
62%
Guangxi
62%
Hunan
60%
Jiangsu
60%
Henan
58%
Zhejiang
58%
Hebei
56%
Liaoning
54%
Anhui
52%
Guizhou
52%
Jiangxi
50%
Hubei
48%
No matching quizzes found
Score Distribution
Percent of People with Each Score
Percentile by Number Answered
Your Score History
You have not taken this quiz